Wappen Champions League Teams 2024/25 - Statistiken

Allgemein
  • Dieses Quiz wurde 94 mal gespielt
  • Das Durchschnittsergebnis liegt bei 32 aus 36
Antwortstatistiken
Bildquiz Antwort % Korrekt
Borussia Dortmund
100%
FC Barcelona
100%
VfB Stuttgart
100%
AC Mailand
99%
Bayern München
98%
FC Arsenal
98%
FC Liverpool
98%
Inter Mailand
98%
Paris Saint-Germain
98%
Real Madrid
98%
Atletico Madrid
97%
Bayer Leverkusen
97%
Aston Villa
95%
Manchester City
95%
Juventus Turin
93%
RB Leipzig
92%
FC Bologna
91%
PSV Eindhoven
91%
Sporting Lissabon
91%
Dinamo Zagreb
90%
Young Boys Bern
90%
Benfica Lissabon
89%
Club Brügge
89%
OSC Lille
89%
AS Monaco
88%
Atalanta Bergamo
88%
Roter Stern Belgrad
88%
Celtic Glasgow
86%
FC Salzburg
86%
Schachtar Donezk
81%
Sparta Prag
81%
Feyenoord Rotterdam
77%
FC Girona
76%
Sturm Graz
74%
Stade Brest
70%
Slovan Bratislava
64%
Keine übereinstimmenden Quizze gefunden
Verteilung der Resultate
Anzahl Personen mit jedem Resultat
Perzentil nach korrekt beantworteten Fragen
Ihre Resultats-Entwicklung
Sie haben dieses Quiz noch nicht gespielt